| 000 | 00464nam a2200181Ia 4500 | ||
|---|---|---|---|
| 005 | 20250508153928.0 | ||
| 008 | 008 250505s9999 xx 000 0 eng d | ||
| 037 | _aTextual | ||
| 040 |
_aFEDL _beng _cFEDL |
||
| 041 |
_aeng _2eng |
||
| 084 |
_a891.86, DVA _qFEDL |
||
| 100 |
_aDvaracek Jaroslav _9764702 |
||
| 245 | 0 | _aMuseum of czech literature | |
| 260 | _c1963 | ||
| 300 | _a74p | ||
| 942 |
_cTEXL _h891.86, DVA |
||
| 999 |
_c1346442 _d1346442 |
||